• 首页
  • 本馆介绍
  • 公告通知
  • 最新文献
  • 馆藏检索
  • 电子资源
  • 读者导购
  • 参考咨询
  • 我的图书馆
  • 登录
  • 详细信息显示
  • 放入我的书架
  • 预约/预借图书
  • 作者相关作品
  • 分类相关作品
  • 丛书相关作品
  • 出版社相关作品

书目信息

  • 表格格式
  • 工作单格式
  • 卡片格式
题名:
南海天然气水合物成藏理论
    
 
作者: 杨胜雄 著
分册:  
出版信息: 北京   科学出版社  2019.5
页数: 21,591页
开本: 26cm
丛书名: 中国油气重大基础研究丛书
单 册:
中图分类: P618.130.2
科图分类:
主题词:
电子资源:
ISBN: 978-7-03-056448-1
000 01365nam0 2200289 45
001 012001000909
005 20140912094213.0
010    @a978-7-03-056448-1@b精装@dCNY480.00
100    @a20190628d2019 em y0chiy50 ea
101 0  @achi
102    @aCN@b110000
105    @aab z 000yy
106    @ar
200 1  @a南海天然气水合物成藏理论@Anan hai tian ran qi shui he wu cheng cang li lun@b专著@dResearch on gas hydrate accumulation in south China sea@f杨胜雄等著@zeng
210    @a北京@c科学出版社@d2019.5
215    @a21,591页@c图,地图@d26cm
225 1  @a中国油气重大基础研究丛书@f贾承造主编
300    @a“十三五”国家重点出版物出版规划项目
300    @a并列题名:Research on gas hydrate accumulation in south China sea
330    @a本书针对南海北部典型天然气水合物藏,分别从微观、介观及宏观角度揭示天然气水合物开采方法的传热和传质机理,在天然气水合物成核机制、海域天然气水合物的综合识别方法、南海水合物成藏类型和形成机制,以及南海北部天然气水合物富集规律等重大基础问题上取得一系列重要研究成果和创新性认识。
461  0 @12001 @a中国油气重大基础研究丛书@1701 0@a贾承造主编
510 1  @aResearch on gas hydrate accumulation in south China sea@zeng
607    @a南海@x天然气水合物@x油气藏形成@x研究
690    @aP618.130.2@v5
701  0 @a杨胜雄@Ayang sheng xiong@4著
801  0 @aCN@bBJSDL@c20211011
905    @b1332376-8@dP618.130.2@e146@f3
    
    南海天然气水合物成藏理论=Research on gas hydrate accumulation in south China sea/杨胜雄等著.-北京:科学出版社,2019.5
    21,591页:图,地图;26cm.-(中国油气重大基础研究丛书/贾承造主编)
    “十三五”国家重点出版物出版规划项目.-并列题名:Research on gas hydrate accumulation in south China sea
    
    ISBN 978-7-03-056448-1(精装):CNY480.00
    本书针对南海北部典型天然气水合物藏,分别从微观、介观及宏观角度揭示天然气水合物开采方法的传热和传质机理,在天然气水合物成核机制、海域天然气水合物的综合识别方法、南海水合物成藏类型和形成机制,以及南海北部天然气水合物富集规律等重大基础问题上取得一系列重要研究成果和创新性认识。
●
相关链接 在E读中查询图书 在五车中查询图书 在当当中查询图书 在豆瓣中查询图书


正题名:南海天然气水合物成藏理论     索取号:P618.130.2/146         预约/预借

序号 登录号 条形码 馆藏地/架位号 状态 备注
1 1332376   213323768   第二样本阅览室/ [索取号:P618.130.2/146] 在馆    
2 1332377   213323777   第三借阅区/ [索取号:P618.130.2/146] 在馆    
3 1332378   213323786   第三借阅区/ [索取号:P618.130.2/146] 在馆    
唐山师范学院图书馆 欢迎您!
大连网信软件有限公司© 版权所有